00962cam a22002531 4500001001300000003000400013005001700017008004100034010001700075035002000092040002300112042001200135050001900147100002000166245019500186260003900381300002300420500001700443500012900460504003100589650004500620740002600665999001700691sa 68015556 DLC20260227112644.0870227s1967 ii bd 000 0 sanr  asa 68015556  a(OCoLC)15250849 aDLCcNRUdNRUdDLC apremarc00aBF1714.H5bS481 aSharma, Mukund.10aJyautiṣaśabdakoṣaḥ.bJyotishashabdadoshah.cMukundadaivajñena vircitaḥ. Sa ca nijanirmitayāʼkārā-diśabdānukramaṇikaya Saṃskr̥taṭippanyā ca samalaṅkr̥taḥ. a[Amolā, Uttara pradeśa]c1967. a416, 15 p.c24 cm. aIn Sanskrit. a"ŚriMukundadaivjñapatnī-SrimatiCitrādevīviduṣyā saṅkalitā Mukundagranthanāmādyāvali": 15 p. (at end) aBibliographical footnotes. 0aHindu astrologyxDictionariesxSanskrit.0 aJyotishashabdakoshah. c86519d86519